Trinidad, provincia de Venezuela

Збережено в:
Бібліографічні деталі
Автор: Noel, Jesse A. (autor)
Формат: Книга
Мова:Іспанська
Опубліковано: Caracas Fuentes para la Historia Colonial de Venezuela 1972
Серія:Biblioteca de la Academia Nacional de la Historia, 109
Предмети:
Теги: Додати тег
Немає тегів, Будьте першим, хто поставить тег для цього запису!

MARC

LEADER 00000nam a2200000 a 4500
001 UCR0526
003 CL-VaPUC
008 971205e19720000VE |||||||||||||||||spa|d
082 0 4 |a 340.098  |b NOE  |2 21 
100 |a Noel, Jesse A.  |e autor  |9 396297 
245 1 0 |a Trinidad, provincia de Venezuela 
246 1 0 |a Historia de la administración española de Trinidad 
300 |a 270 p 
942 |c BK 
945 |d 19971205 00:00:00  |a cmena 
260 |a Caracas  |b Fuentes para la Historia Colonial de Venezuela  |c 1972 
650 0 |a Derecho Indiano  |9 256266 
650 0 |a Gobernadores  |9 323856 
650 0 |a Estado y derecho  |9 255403 
650 0 |a Administración pública   |9 255343 
650 0 |a Instituciones políticas  |9 255506 
650 0 |a Función pública  |9 343165 
650 0 |a Historia venezolana  |9 393448 
650 7 |a HISTORIA ESPAÑOLA  |2 CL-VaPUC  |9 321819 
651 0 |a Venezuela  |9 254993 
583 |a last modification  |c 19971205 00:00:00  |k Rodrigo Vera 
490 0 |a Biblioteca de la Academia Nacional de la Historia, 109 
999 |c 264028  |d 264026 
952 |0 0  |1 0  |4 0  |6 340_098000000000000_NOE_1972  |7 0  |8 DER_HDC  |9 293600  |a BIBDER  |b BIBDER  |d 2019-11-19  |i 1908405  |o 340.098 NOE 1972  |p 1908405  |r 2023-01-25  |w 2019-11-19  |x Ubicación 4to Piso  |y BK  |z Estos recursos deben solicitarse con anticipación  |k DER